Russia's steppe frontier : the making of a colonial empire, 1500-1800
Αποθηκεύτηκε σε:
| Κύριος συγγραφέας: | |
|---|---|
| Μορφή: | Βιβλίο |
| Γλώσσα: | English |
| Δημοσίευση: |
Bloomington :
Indiana University Press,
2002
|
| Σειρά: | Indiana-Michigan series in Russian and East European studies
|
| Θέματα: | |
| Ετικέτες: |
Προσθήκη ετικέτας
Δεν υπάρχουν, Καταχωρήστε ετικέτα πρώτοι!
|
MARC
| LEADER | 00000nam a2200000 i 4500 | ||
|---|---|---|---|
| 001 | 1/55095 | ||
| 008 | 070918s2002 eng d | ||
| 020 | |a 0-253-21770-9 (pbk.) | ||
| 035 | |l 10090767 | ||
| 040 | |a GR-MY-UA |b gre |e aacr | ||
| 041 | 0 | |a eng | |
| 082 | 0 | |a 947.04 |2 (22) | |
| 100 | 1 | |a Khodarkovsky, Michael |d 1955- | |
| 245 | 1 | 0 | |a Russia's steppe frontier : |b the making of a colonial empire, 1500-1800 / |c Michael Khodarkovsky |
| 260 | |a Bloomington : |b Indiana University Press, |c 2002 | ||
| 300 | |a xii, 290 σ.; |b εικ., χάρτες; |c 25 εκ. | ||
| 490 | 1 | |a Indiana-Michigan series in Russian and East European studies | |
| 504 | |a Βιβλιογραφία: σ. 269-281 | ||
| 504 | |a Ευρετήριο: σ. 283-290 | ||
| 650 | 0 | 0 | |a Imperialism. |
| 651 | 0 | |a Russia |x Territorial expansion. | |
| 651 | 0 | |a Russia |x Boundaries. | |
| 651 | 0 | |a Russia |x History |y 1613-1689. | |
| 651 | 0 | |a Russia |x History |y 1689-1801. | |
| 651 | 0 | |a Russia |x History |y Period of Consolidation, 1462-1605. | |
| 830 | 0 | |a Indiana-Michigan series in Russian and East European studies | |
| 852 | |a INST |b LESVOS |e 20070918 |h 947.04 ΚΗΟ |p 005100041205 |q 005100041205 |t BK |y 0 | ||
| 901 | |a BIBL1-2007-3 | ||
| 909 | |a Λ |b 138993 | ||
| 922 | |a 1ΕΛΗ |b 200708 |c ΕΠΕΑΕΚ2/ΤΚΑ |d ΕΛΕΥΘΕΡΟΥΔΑΚΗΣ | ||
| 970 | |a ΚΑΡΑ |b ΓΙΑΣΕΜΗ |z 2007/09/18 | ||